[Event "NZL-ch Rapid op 132nd"]
[Site "Wellington"]
[Date "2025.01.12"]
[Round "6"]
[White "Xu, Jeremy Xi"]
[Black "Van Riemsdijk, Herman Claudius"]
[Result "0-1"]
[WhiteElo "1691"]
[BlackElo "2249"]
[PlyCount "40"]
[EventDate "2025.01.11"]
[EventType "swiss (rapid)"]
[EventRounds "9"]
[EventCountry "NZL"]
[SourceTitle "CB03_2025"]
[SourceDate "2025.01.15"]
[SourceVersion "1"]
[SourceVersionDate "2025.01.15"]
[SourceQuality "1"]

1. d4 c5 2. d5 Nf6 3. c4 b5 4. Nf3 g6 5. Nbd2 d6 6. e4 Bg7 7. Be2 0-0 8. 0-0 bxc4 9. Bxc4 Nbd7 10. Qc2 Nb6 11. Bd3 a5 12. Nc4 Nxc4 13. Bxc4 a4 14. Rb1 Nxe4 15. Re1 Nf6 16. Bg5 Ra7 17. Re2 Bf5 18. Bd3 Bg4 19. Be4 Nxe4 20. Qxe4 Bf5 0-1